000 00522cam a2200193M 4500
999 _c3431
_d3431
001 ocn991669993
003 OCoLC
005 20170828165846.0
008 170628s2017 xx 000 0 eng d
020 _a110841950X
020 _a9781108419505
035 _a(OCoLC)991669993
040 _aYDX
_beng
_cYDX
_dBTCTA
049 _aTZAA
245 0 0 _aWOMEN AND SOCIAL CHANGE IN NORTH AFRICA :
_bwhat counts as revolutionary?.
260 _a[S.l.] :
_bCAMBRIDGE UNIV PRESS,
_c2017.
600 _2on order
942 _2lcc
_cBOOK